Social Media Logos - Statistics

General Stats
  • This quiz has been taken 8,277 times
    8,268 since last reset
  • The average score is 7 of 13
Answer Stats
Picture Answer % Correct
Twitter
99%
Instagram
97%
YouTube
89%
Facebook
87%
Snapchat
83%
WhatsApp
82%
LinkedIn
43%
Pinterest
38%
Tiktok
38%
Tumblr
24%
Messenger
19%
Musical.ly
19%
Skype
18%
No matching quizzes found
Score Distribution
Percent of People with Each Score
Percentile by Number Answered
Your Score History
You have not taken this quiz since the last reset